000 00499nam a2200181Ia 4500
005 20250317123119.0
008 008 250317s9999 xx 000 0 eng d
037 _aTextbook
040 _aFMSL
_beng
_cFMSL
041 _aeng
_2eng
084 _aX:74 N3
_qFMSL
100 _aMosteller F
_9740023
245 0 _aStatisties by example: finding models
260 _aNY
_bNY, Addison Wesley
_c1973
300 _a146p
942 _cTB
_hX:74 N3
999 _c1249912
_d1249912